All Colorado Sports teams - Statistics

General Stats
  • This quiz has been taken 15 times
  • The average score is 7 of 10
Answer Stats
Hint Answer % Correct
Baseball Colorado Rockies
100%
Football Denver Broncos
100%
Basketball Denver Nuggets
100%
Hockey Colorado Avalanche
91%
Soccer Colorado Rapids
73%
College Colorado State Rams
55%
College Colorado Buffaloes
45%
Hockey Colorado Eagles
36%
Lacrosse Colorado Mammoth
36%
College Air Force Falcons
27%
No matching quizzes found
Score Distribution
Percent of People with Each Score
Percentile by Number Answered
Your Score History
You have not taken this quiz